Catálogo público

Algunos Aspectos Sobre la Fruticultura de Clima Templado en México / (Record no. 172575)

MARC details
000 -CABECERA
campo de control de longitud fija 00748nam a2200253Ia 4500
001 - NÚMERO DE CONTROL
campo de control dia_2037
003 - IDENTIFICADOR DEL NÚMERO DE CONTROL
campo de control CHAP
005 - FECHA Y HORA DE LA ÚLTIMA TRANSACCIÓN
campo de control 20260225091503.0
008 - DATOS DE LONGITUD FIJA--INFORMACIÓN GENERAL
campo de control de longitud fija 220117s1973 xx 000 0 und d
010 ## - NÚMERO DE CONTROL DE LA BIBLIOTECA DEL CONGRESO
Número de control de LC 172575
040 ## - FUENTE DE LA CATALOGACIÓN
Centro/agencia transcriptor CHAP
082 ## - NÚMERO DE LA CLASIFICACIÓN DECIMAL DEWEY
Número de clasificación 634.972 A72
100 1# - ENTRADA PRINCIPAL--NOMBRE DE PERSONA
Nombre de persona Arguello Mendoza, Carlos
9 (RLIN) 7013
245 ## - MENCIÓN DE TÍTULO
Título Algunos Aspectos Sobre la Fruticultura de Clima Templado en México /
Mención de responsabilidad, etc. por Carlos Argüello Mendoza
260 ## - PUBLICACIÓN, DISTRIBUCIÓN, ETC.
Lugar de publicación, distribución, etc. México :
Nombre del editor, distribuidor, etc. S.N.,
Fecha de publicación, distribución, etc. 1973
300 ## - DESCRIPCIÓN FÍSICA
Extensión 82 p.
500 ## - NOTA GENERAL
Nota general Contiene miméografo
650 ## - PUNTO DE ACCESO ADICIONAL DE MATERIA--TÉRMINO DE MATERIA
Término de materia o nombre geográfico como elemento de entrada 1.Fruticultura
Subdivisión general México/
9 (RLIN) 152134
650 ## - PUNTO DE ACCESO ADICIONAL DE MATERIA--TÉRMINO DE MATERIA
Término de materia o nombre geográfico como elemento de entrada Arboricultura.
9 (RLIN) 6699
901 ## - ELEMENTOS DE DATOS A LOCAL LDA (RLIN)
a 634.972 A72
902 ## - ELEMENTOS DE DATOS B LOCAL, LDB (RLIN)
a M
905 ## - ELEMENTOS DE DATOS E LOCAL, LDE (RLIN)
a 0000001973 mx X 0000000000spa00
942 ## - ELEMENTOS DE PUNTO DE ACCESO ADICIONAL (KOHA)
Tipo de ítem Koha Libro
Fuente del sistema de clasificación o colocación Dewey Decimal Classification
Holdings
Estado de retiro Estado de pérdida Fuente del sistema de clasificación o colocación Estado dañado No para préstamo Código de colección Localización permanente Ubicación/localización actual Fecha de adquisición Información codificada de la localización en otra ubicación Total de préstamos Signatura topográfica completa Código de barras Fecha visto por última vez Número de copia Precio válido a partir de Tipo de ítem Koha
    Dewey Decimal Classification     General Ingenieria Agroindustrial Ingenieria Agroindustrial 18/01/2022 1   634.972 A72 dia_532 18/01/2022 1 18/01/2022 Libro